000 00458 a2200145 4500
020 _a0201485559
040 _aDLC
_bEnglish
082 0 0 _a005.74
100 1 _aPascal, Fabian.
245 1 0 _aPractical issues in database management : a reference for the thinking practitioner
_cFabian Pascal.
260 _aBoston, Mass. :
_bAddison-Wesley,
_c2000.
300 _axxvii, 256 p. :
_bill. ;
_c24 cm.
650 0 _aDatabase management.
942 _cBK
_k005.74 PAS
_2ddc
999 _c6562
_d6562